Paisaje como recurso (Registro nro. 10708)
[ vista simple ]
| 000 -CABECERA | |
|---|---|
| Campo de control | 004270000a22001570004500 |
| 090 ## - CLASIFICACIÓN LOCAL | |
| Colección | AR |
| Consecutivo | 01628 |
| 041 0# - IDIOMA | |
| Código de idioma para texto/pista de sonido o título separado | |
| 100 1# - ASIENTO PRINCIPAL--NOMBRE PERSONAL | |
| Nombre personal | Rey Benayas, José María |
| 245 10 - MENCION DE TITULO | |
| Título | Paisaje como recurso |
| 650 14 - ASIENTO SECUNDARIO DE MATERIA - TERMINO TEMATICO | |
| Término temático o nombre geográfico como elemento de entrada | Paisajes |
| 650 14 - ASIENTO SECUNDARIO DE MATERIA - TERMINO TEMATICO | |
| Término temático o nombre geográfico como elemento de entrada | Ecología del paisaje |
| 650 14 - ASIENTO SECUNDARIO DE MATERIA - TERMINO TEMATICO | |
| Término temático o nombre geográfico como elemento de entrada | Componentes del paisaje |
| 650 14 - ASIENTO SECUNDARIO DE MATERIA - TERMINO TEMATICO | |
| Término temático o nombre geográfico como elemento de entrada | Percepción del paisaje |
| 773 1# - Item fuente: | |
| Título | Preprint |
| Especificación de materiales | 3 |
| Paginas del Articulo | 1-9 |
| Lugar, editorial y fecha de publicación | 1996? |
| 942 ## - ELEMENTOS ADICIONALES (KOHA) | |
| Tipo de ítem | Artículo |
| Withdrawn status | Lost status | Damaged status | No para préstamo | Colección | Ubicación Permanente | Ubicación actual | Fecha de adquisición | Fuente de Valor | Datos de publicación Seriada | Total Checkouts | Número topográfico | Inventario / Código de Barras | Date last seen | Ejemplar | Price effective from | Forma de adquisición | Tipo de material |
|---|---|---|---|---|---|---|---|---|---|---|---|---|---|---|---|---|---|
| No para Préstamo | Hemeroteca | Bogotá | Bogotá | 27/02/2015 | Gast, Fernando | Fuera de circulación | AR 01628 | 011989 | 25/03/2015 | 1 | 25/03/2015 | Artículo | |||||
| No para Préstamo | Hemeroteca | Bogotá | Bogotá | 27/02/2015 | Gast, Fernando | Fuera de circulación | AR 01628 | 011990 | 25/03/2015 | 2 | 25/03/2015 | Artículo |